Mechanics of materials / (Record no. 2205)
[ view plain ]
| 000 -LEADER | |
|---|---|
| fixed length control field | 00336 a2200109 4500 |
| 020 ## - INTERNATIONAL STANDARD BOOK NUMBER | |
| International Standard Book Number | 0534380263 |
| 082 ## - DEWEY DECIMAL CLASSIFICATION NUMBER | |
| Classification number | 620.112 PYT |
| 100 ## - MAIN ENTRY--PERSONAL NAME | |
| Personal name | Pytel, Andrew. |
| 245 ## - TITLE STATEMENT | |
| Title | Mechanics of materials / |
| Statement of responsibility, etc. | Andrew Pytel, Jaan Kiusalaas. |
| 260 ## - PUBLICATION, DISTRIBUTION, ETC. | |
| Place of publication, distribution, etc. | Australia ; |
| -- | Pacific Grove, CA : |
| Name of publisher, distributor, etc. | Thomson, |
| Date of publication, distribution, etc. | c2003. |
| 300 ## - PHYSICAL DESCRIPTION | |
| Extent | xiv, 545 p. : |
| Other physical details | ill. ; |
| Dimensions | 26 cm. |
| 650 ## - SUBJECT ADDED ENTRY--TOPICAL TERM | |
| Topical term or geographic name entry element | Strength of materials. |
| Withdrawn status | Lost status | Damaged status | Not for loan | Permanent Location | Current Location | Shelving location | Date acquired | Total Checkouts | Total Renewals | Full call number | Barcode | Date last seen | Date last checked out | Price effective from | Koha item type | Checked out |
|---|---|---|---|---|---|---|---|---|---|---|---|---|---|---|---|---|
| Central Library (CL) | Central Library (CL) | 01/05/2017 | 6 | 1 | 620.112 PYT | NIT-6227 | 12/12/2025 | 11/04/2025 | 01/05/2017 | Book | ||||||
| School of Civil and Environmental Engineering (SCEE) | School of Civil and Environmental Engineering (SCEE) | 01/05/2017 | 2 | NIT-6228 | 10/07/2025 | 10/07/2025 | 01/05/2017 | Book | 11/06/2025 |
